000
00343nam a2200145Ia 4500
008
230718s9999 xx 000 0 und d
041
_a
Eng.
082
_a
342
_b
SHA-T
100
_a
SHAYKH UL ISLAM
245
4
_a
The constitution Medium
260
_a
Pakistan
_b
Malik Quran Publishers
_c
1987
300
_a
626
650
_a
Law
999
_c
32802
_d
32802